Statistiche per tutti i soprannomi di richard

Clicka qui per fare il quiz!

Statistiche generali

  • Questo quiz è stato fatto 8 volte
    (5 dall'ultimo reset)
  • Il punteggio medio è 13 su 31

Statistiche sulle risposte

SOPRANNOME% Corretto
RIC
100%
RICCI
80%
BOTTA
60%
RICCA
60%
RIKI
60%
ER NINJA
40%
IL DOC
40%
IL DOTTORE
40%
IL FIGLIO DI CORRADO
40%
IL FIGLIO DI VALERIA
40%
IL FRATELLO DI CATERINA
40%
IL TEI
40%
L'AMICO DI DREAMER
40%
L'AMICO DI SKIPPER
40%
LO SCIAMANO
40%
O TEI
40%
RICCARDO
40%
RICCARDO TEI
40%
RICHARD
40%
RICKY
40%
T
40%
TE
40%
TEI
40%
TEI RICCA
40%
TEI RICCARDO
40%
WALTER BIANCHI
40%
IL BIOLOGO
20%
IL FIDANZATO DI GIULIA
20%
RICCA TE
20%
RICCA TEI
20%
TEIRICARDXD
20%

Distribuzione punteggi

Percentile per numero di risposta

Percentuale di utenti per punteggio

I tuoi punteggi nel tempo

Non hai fatto questo quiz dall'ultimo reset